000 00630cam a22002291 4500
001 sa 68018039
003 DLC
005 20260227112708.0
008 720720s1900 xx 000 0 ind
010 _asa 68018039
035 _a(OCoLC)361101
040 _aDLC
_cOAU
_dDLC
042 _apremarc
050 0 0 _aBP176
_b.S57
100 1 _aSjaf, Mahjuddin.
245 1 0 _aBuku perukunan lengkap bahasa Indonesia.
260 _aDjakarta,
_b"Artja"
_c[19--]
300 _a84 p.
_c20 cm.
500 _aCover title: Perukunan lengkap bh. Indonesia.
650 0 _aPillars of Islam.
740 0 _aPerukunan lengkap bahasa Indonesia.
999 _c88133
_d88133